Tres desafíos de la evaluación de desempeño docente en la educación superior /

Guardat en:
Dades bibliogràfiques
Autor principal: Labrador, Rolando
Altres autors: Martin, Pauline
Format: Text
Etiquetes: Afegir etiqueta
Sense etiquetes, Sigues el primer a etiquetar aquest registre!

MARC

LEADER 00000 a a2200000 04500
001 48899
003
040
100 |a Labrador, Rolando  
245 |a Tres desafíos de la evaluación de desempeño docente en la educación superior /  |c Rolando Labrador, Pauline Martin  
700 |a Martin, Pauline  
773 |a volumen69, número737, (2014), páginas 219-231  
999 |c 33840  |d 33840